000
00274nam a2200109Ia 4500
008
240731s9999 xx 000 0 und d
245
0
_a
Journal of Health Education
260
_b
Routledge
856
_u
https://www.tandfonline.com/loi/ujhe19
942
_2
ddc
942
_c
TFEJ
999
_c
77785
_d
77785
945
_a
1
_b
Madushi Gamage
_c
1
_d
Madushi Gamage